000 00196nam a2200073Ia 4500
008 170620s9999 xx 000 0 und d
100 _aSevani
245 0 _aShiksha Technique Ke Tatva Thata Kachka Kachk Pravandan
260 _bAPOLO
999 _c27306
_d27306